000 00284nam a2200109Ia 4500
008 230907s9999||||xx |||||||||||||| ||und||
082 _a5.133
_bDAL
100 _aDale, Nell
_960989
245 0 _aObject-oriented data structures using Java /
300 _axix, 693 pages :
942 _cBK
999 _c600002
_d600002